| 000 | 01294nam a22002297a 4500 | ||
|---|---|---|---|
| 999 |
_c63071 _d63071 |
||
| 003 | Ge_BSU | ||
| 005 | 20250529105522.0 | ||
| 008 | 250529s2023 ge ||||| |||| 00| 0 geo d | ||
| 020 | _a9789941118357 | ||
| 041 | _ageo | ||
| 080 | _a821.131.1.03=353.1 ე-49 | ||
| 100 |
_aეკო, უმბერტო _910255 |
||
| 245 |
_aმტრის ხატის შექმნა და სხვა შემთხვევითი ტექსტები : _b[ესეების კრებული] / _cუმბერტო ეკო; იტალიურიდან თარგმნეს: ხათუნა ცხადაძემ, დარეჯან კიკოლიაშვილმა; ნათია ბერიშვილმა. |
||
| 264 |
_aთბილისი : _bდიოგენე, _c2023. |
||
| 300 |
_a352 გვ. ; _b19 სმ. |
||
| 490 | _aNonfiction | ||
| 653 | _aიტალიური ესე | ||
| 700 |
_aცხადაძე, ხათუნა _e მთარგმნელი _910257 |
||
| 700 |
_aკიკოლიაშვილი, დარეჯან _eმთარგმნელი _925168 |
||
| 700 |
_aბერიშვილი, ნათია _eმთარგმნელი _925169 |
||
| 942 |
_2udc _cᲬᲘᲒᲜᲘ |
||